000 00502nam a2200193Ia 4500
008 230612s9999 xx 000 0 und d
041 _aeng
082 _a621.388 DAS
100 _aDas P.
_9112906
245 _aLasers And Optical Engineering
250 _aREVISE
260 _c1991
_bNarosa Publishing House
300 _a450
_cRef 93 I (1644)
365 _cRs.
_b375.00
500 _a93 I
700 _aDas P.
_9112906
906 _dB:957010-Feb-1993
_cINST
_b56.25
999 _c165926
_d165926